000 00243nam a2200097Ia 4500
001 711340
005 20250826162806.0
008 250824s9999 xx 000 0 und d
245 0 _aARŞİMET ZEKAİ TATİLDE
_cDURAN ÇETİN
260 _bATLIKARINCA
999 _c711340
_d711340